| 000 | 01304cam a2200373 a 4500 | ||
|---|---|---|---|
| 999 |
_c29349 _d29320 |
||
| 001 | 4872493 | ||
| 003 | EG-ScBUE | ||
| 005 | 20210809110029.0 | ||
| 008 | 011221s2011 ua a f 001 0 eng d | ||
| 020 | _a9789774165382 | ||
| 035 | _a(OCoLC)ocn691611769 | ||
| 035 | _a4872493 | ||
| 040 |
_aCtY _beng _erda _cCtY _dEG-ScBUE |
||
| 043 | _af-ua--- | ||
| 082 | 0 | 4 |
_a709.32 _bTRE _222 |
| 245 | 1 | 4 |
_aThe Treasures of the Valley of the Kings : _btombs and temples of the Theban West Bank in Luxor / _cedited by Kent R. Weeks ; photographs by Araldo De Luca. |
| 264 | 1 |
_aCairo : _bThe American University in Cairo Press, _c2011. |
|
| 300 |
_a326 pages : _bcolor illustrations ; _c36 cm |
||
| 336 |
_2rdacontent _atext _btxt |
||
| 337 |
_2rdamedia _aunmediated _bn |
||
| 338 |
_2rdacarrier _avolume _bnc |
||
| 500 | _aIncludes index. | ||
| 650 | 7 |
_aExcavations (Archaeology) _zEgypt _zValley of the Kings. _2BUEsh _917238 |
|
| 650 | 7 |
_aTombs _zEgypt _zValley of the Kings. _2BUEsh |
|
| 651 | 7 |
_aValley of the Kings (Egypt) _2BUEsh |
|
| 651 | 7 |
_aThebes (Egypt : Extinct city) _2BUEsh |
|
| 653 |
_bGGEN _cAugust2021 |
||
| 655 |
_vReading book _934232 |
||
| 700 | 1 |
_aWeeks, Kent R., _eeditor. |
|
| 700 | 1 |
_aDe Luca, Araldo, _eeditor. |
|
| 942 |
_2ddc _cBB |
||
| 948 | _arek,hss 02-02 | ||